Routledge handbook of Persian Gulf politics / (Record no. 30995)

MARC details
000 -LEADER
fixed length control field 01196nam a22003378i 4500
001 - CONTROL NUMBER
control field 020424087
003 - CONTROL NUMBER IDENTIFIER
control field EG-ScBUE
005 - DATE AND TIME OF LATEST TRANSACTION
control field 20251006084745.0
008 - FIXED-LENGTH DATA ELEMENTS--GENERAL INFORMATION
fixed length control field 211210s2022 enka f b 001 0 eng d
020 ## - INTERNATIONAL STANDARD BOOK NUMBER
International Standard Book Number 9780367489762 (pbk.)
040 ## - CATALOGING SOURCE
Original cataloging agency StDuBDS
Language of cataloging eng
Description conventions rda
Transcribing agency StDuBDS
Modifying agency EG-ScBUE
043 ## - GEOGRAPHIC AREA CODE
Geographic area code ap-----
082 04 - DEWEY DECIMAL CLASSIFICATION NUMBER
Classification number 953.05
Edition number 22
Item number ROU
245 00 - TITLE STATEMENT
Title Routledge handbook of Persian Gulf politics /
Statement of responsibility, etc edited by Mehran Kamrava.
246 30 - VARYING FORM OF TITLE
Title proper/short title Handbook of Persian Gulf politics
246 30 - VARYING FORM OF TITLE
Title proper/short title Persian Gulf politics
264 #1 - PUBLICATION, DISTRIBUTION, ETC. (IMPRINT)
Place of publication, distribution, etc London ;
-- New York :
Name of publisher, distributor, etc Routledge,
Date of publication, distribution, etc 2022.
300 ## - PHYSICAL DESCRIPTION
Extent xvii, 545 :
Other physical details illustrations (black and white) ;
Dimensions 25 cm
336 ## - CONTENT TYPE
Content type term text
Source rdacontent
Content type code txt
336 ## - CONTENT TYPE
Content type term still image
Source rdacontent
Content type code txt
337 ## - MEDIA TYPE
Media type term unmediated
Source rdamedia
Media type code n
338 ## - CARRIER TYPE
Carrier type term volume
Source rdacarrier
Carrier type code nc
490 0# - SERIES STATEMENT
Series statement Routledge handbooks
504 ## - BIBLIOGRAPHY, ETC. NOTE
Bibliography, etc Includes bibliographical references and index.<br/>
651 #7 - SUBJECT ADDED ENTRY--GEOGRAPHIC NAME
Geographic name Persian Gulf Region
General subdivision Politics and government
Chronological subdivision 20th century.
Source of heading or term BUEsh
651 #7 - SUBJECT ADDED ENTRY--GEOGRAPHIC NAME
Geographic name Persian Gulf Region
General subdivision Politics and government
Chronological subdivision 21st century.
Source of heading or term BUEsh
653 ## - INDEX TERM--UNCONTROLLED
Arrived date list October2025
Resource For college BAEPS, Political Science
655 ## - INDEX TERM--GENRE/FORM
Form subdivision Reading book
700 1# - ADDED ENTRY--PERSONAL NAME
Personal name Kamrava, Mehran,
Dates associated with a name 1964-
Relator term editor.
942 ## - ADDED ENTRY ELEMENTS (KOHA)
Source of classification or shelving scheme Dewey Decimal Classification
Koha item type Book - Borrowing
Holdings
Withdrawn status Lost status Source of classification or shelving scheme Damaged status Not for loan Collection code Home library Current library Shelving location Date acquired Cost, normal purchase price Serial Enumeration / chronology Total Checkouts Full call number Barcode Date last seen Cost, replacement price Price effective from Koha item type
    Dewey Decimal Classification     Baccah Central Library Central Library Second Floor 06/10/2025 2513.00 39687   953.05 ROU 000057385 06/10/2025 3147.50 06/10/2025 Book - Borrowing